| 000 | 00506nam a2200181Ia 4500 | ||
|---|---|---|---|
| 003 | OSt | ||
| 005 | 20251103154326.0 | ||
| 008 | 250729s2005 xx 000 0 und d | ||
| 040 | _cAL | ||
| 041 | _akan | ||
| 082 | _a370.71 OBAS | ||
| 100 |
_aಓಬಲೇಶಘಟ್ಟಿ ಆರ್ _9223790 |
||
| 245 | _aಶಿಕ್ಷಕನ ಕಾರ್ಯಗಳು ಮತ್ತು ಶಾಲಾ ಸಂಘಟನೆ | ||
| 260 |
_aGadag _c2005 |
||
| 300 | _a296p | ||
| 650 |
_aEducation _9223791 |
||
| 942 |
_2ddc _cBED |
||
| 999 |
_c236083 _d236083 |
||